000 00511nam a2200181Ia 4500
005 20250326125216.0
008 250326s9999 xx 000 0 und d
037 _aTextbook
040 _aFMSL
_beng
_cFMSL
041 _aeng
_2eng
084 _aX512:8 K8
_qFMSL
100 _aGeorge K D
_9278702
245 0 _aProductity & capital expenditure in retailing
_cGeorge K D
260 _aNY
_bNY, Cambridge University
_c1968
300 _a90p
942 _cTB
_hX512:8 K8
999 _c1277022
_d1277022